000
00254nam a22001217a 4500
008
171010b xxu||||| |||| 00| 0 eng d
041
_a
eng
080
_a
316
100
_a
50
101
_a
SOC
245
_a
QUOTABLE WOMAN
_c
PARTNOW, E
942
_2
udc
_c
BK
999
_c
32851
_d
32851